[Event "Olomouc Skanska Cup"]
[Site "Olomouc"]
[Date "2004.08.14"]
[Round "11"]
[White "Jirka, Jiri"]
[Black "Kunte, Abhijit"]
[Result "1-0"]
[WhiteElo "2406"]
[BlackElo "2532"]
[Annotator "Stohl,I"]
[PlyCount "97"]
[EventDate "2004.08.04"]
[EventType "tourn"]
[EventRounds "11"]
[EventCountry "CZE"]
[EventCategory "9"]
[SourceTitle "CBM 103"]
[Source "ChessBase"]
[SourceDate "2004.11.11"]
[SourceVersion "1"]
[SourceVersionDate "2004.11.11"]
[SourceQuality "1"]

1. d4 e6 2. c4 b6 3. d5 $5 {A very rare move, the usual quiet choice is} (3. a3
Bb7 4. d5 f5 5. Nc3 Nf6 $14 {/~~}) 3... Nf6 (3... Ba6 4. e4 $14 {[%csl Gc4,Gd5,
Ge4] [+]}) (3... Qh4 4. Nc3 $1 Qxc4 5. e4 $44) (3... Bb7 4. e4 (4. a3 {-3.a3})
4... Nf6 5. Nc3 {()}) (3... Bb4+ 4. Bd2 Bxd2+ 5. Qxd2 Nf6 6. Nc3 O-O 7. e4 e5
$5 8. f3 d6 9. g4 Kh8 10. Nge2 Nbd7 11. Ng3 Ng8 12. h4 a5 13. O-O-O Nc5 14. Bd3
Bd7 15. Bc2 Rb8 16. Nb5 Ne7 17. h5 f6 18. Nf5 Ng8 $1 $14 {Pedersen,E-Kroll,O/
Aarhus/1989/}) 4. a3 Ba6 5. e3 (5. Qc2 exd5 6. cxd5 c6 $11 (6... Bb7 7. e4 Qe7
$13) (6... c5 7. Nc3 g6 8. Nf3 $14 {-E12})) 5... Bd6 $5 {Original, but it
seems g7 is a more natural square for the Bf8. (If Kunte would have known,
what was going to happen, he would have fianchettoed his B without hesitation!)
} (5... exd5 6. cxd5 Bxf1 7. Kxf1 Bd6 (7... g6 8. Nc3 Bg7 9. g3 O-O 10. Kg2 Re8
(10... c6 11. Nge2 Na6 12. Ra2 cxd5 $6 13. Nxd5 Nc7 14. Nxf6+ Qxf6 15. Nf4 d5
16. b3 $14 d4 17. exd4 Nb5 $2 (17... Qxd4 18. Qxd4 Bxd4 19. Rd2 Rfd8 20. Rhd1
Bf6 21. Rd7 $14) 18. d5 $1 $16 Nc3 19. Bb2 Rac8 20. Bxc3 Qxc3 21. Re1 $16 {
Vaulin,A-Ibragimov,I/RUS Cup Maikop/1998/}) 11. Nge2 c6 12. f3 Na6 13. dxc6
dxc6 14. e4 Nc5 15. Be3 Nd5 16. Bxc5 Nxc3 17. Nxc3 bxc5 18. Qxd8 Raxd8 19. Rhd1
Rb8 20. Rd2 Rxb2 21. Rxb2 Bxc3 22. Rab1 Bxb2 23. Rxb2 $11 {Schroll,G-Bischoff,
K/AUT-chT/1996/}) 8. Nc3 O-O 9. Nge2 (9. Nf3 {-5...Bd6 transposes into the
game.}) 9... Re8 10. f3 c6 11. e4 cxd5 12. Nxd5 Nc6 13. Bg5 Nxd5 $1 14. Qxd5
Be7 15. Bxe7 Nxe7 16. Qd6 Rc8 17. Rd1 Rc2 18. Qxd7 Qxd7 19. Rxd7 f5 20. Kf2
fxe4 21. fxe4 Nc6 22. Rc1 $11 {1/2,Hofland,L-Ree,H/Leeuwarden/1978/}) 6. Nf3
exd5 7. cxd5 Bxf1 8. Kxf1 O-O 9. Nc3 Re8 10. h4 $1 {[%csl Gh1][%cal Gh1h5]
[%mdl 128] White's brave attacking idea looks far-fetched, but it's in fact
the best way to activate the Rh1 and will be ultimately successful.} (10. g3 c6
11. Kg2 Na6 $11) 10... c6 11. h5 Na6 {Black underestimates White's idea, safer
and much better was the circumspect} (11... h6 $142 $5 12. b3 (12. b4 a5 $132)
12... Na6 13. Bb2 Nc5 $13) 12. h6 g6 13. Rh4 $1 cxd5 $2 (13... Qe7 14. e4 $1 {
/\} (14. dxc6 dxc6 15. Qa4 Nc5 16. Qxc6 Rac8 $44) 14... cxd5 $2 15. Bg5 $1 $18)
({This concession is too much, necessary was} 13... Nc7 $1 14. dxc6 dxc6 15.
Rd4 Ncd5 $132 (15... Nfd5 $2 16. e4 Nxc3 17. bxc3 Nb5 18. Rd3 {[%cal Ra3a4,
Rc3c4] /\a4,c4+-}) 16. e4 $6 Nxc3 17. bxc3 Nxe4 18. Bf4 Nxc3 19. Qc2 Nd5 $17)
14. Nxd5 $36 {[%csl Rd7,Rg8] ><d7,Kg8} Bf8 15. b4 {[%cal Ga1h8] /^a1-h8} Nxd5
16. Qxd5 Qf6 17. Rb1 $16 {Although Black has temporarily taken control of the /
^a1-h8, White will quickly occupy it himself and Black's Kg8 will be in great
trouble.} Nc7 (17... Qe6 18. Qd4 (18. Qd3 Nc7 19. Bb2 $16 {->}) 18... f6 19.
Bb2 Be7 20. Rd1 $16) 18. Qd3 Qd6 (18... Qc6 $142 19. Bb2 $5 (19. b5 Qd5 20.
Qxd5 (20. Rd4 Qh5 $132) 20... Nxd5 21. Bb2 $14) 19... Qb5 20. Rd1 $16) 19. Rd4
Qc6 20. Bb2 {[%cal Rd4d7,Rb1c1] /\Rc1,Rd7} ({The text-move is thematic, but a
good alternative was the direct} 20. Rxd7 $5 Nb5 21. Bb2 Bd6 (21... Nd6 22. Qd4
$18) 22. Rxf7 $1 Kxf7 23. Rc1 $40) 20... d5 $8 (20... Ne6 21. Ne5 $18) (20...
d6 21. Rc4 Qb5 22. a4 Qa6 23. Qc3 f6 24. b5 $18) 21. Rc1 Qd7 $2 (21... Qd6 22.
Rh4 f6 23. b5 $16) (21... Qb7 $5 22. Kg1 $40 {/\} Bxh6 $2 23. Rh4 Bg7 24. Bxg7
Kxg7 25. Qc3+ $18) 22. Qc3 $1 $18 {[%cal Rc3c7,Rd4d5,Gb2h8] /^a1-h8,/\Qc7,Rd5
The long diagonal decides the issue.} Nb5 $8 (22... Bg7 23. Qxc7 Qxc7 24. Rxc7
Bxd4 25. Bxd4 $18) 23. Rxd5 Nxc3 24. Rxd7 Nb5 25. a4 $138 {White was most
probably already in his habitual time-trouble.} (25. Ne5 $142 $1 $18 {->})
25... Nd6 26. Rcc7 Rec8 27. Rxa7 Rxa7 28. Rxa7 Bxh6 (28... Ne4 29. b5 Rc2 30.
Bd4 $18) 29. Ra6 (29. Bd4 $142) 29... Bf8 30. Bd4 Nc4 31. b5 Bc5 32. Ke2 h5 33.
Ne5 Bxd4 (33... Nxe5 34. Bxe5 $18) 34. Nxc4 Rxc4 35. Kd3 Rc3+ 36. Kxd4 Rc2 (
36... Ra3 37. a5 bxa5 38. b6 Rb3 39. Kc5 $18) 37. Rxb6 {[%csl Ga4,Gb5] o^a,b
White's P are simply too strong for any <=> to be effective.} Rxf2 38. g3 Ra2
39. Ra6 g5 40. b6 Rb2 41. a5 h4 42. gxh4 gxh4 43. Ra8+ Kg7 44. Kc5 h3 45. Rd8
Rb1 46. Rd2 Rc1+ 47. Kb5 Rh1 48. b7 h2 49. Ka6 (49. Ka6 Rb1 50. Rxh2 $18) 1-0

[Event "Novgorod"]
[Site "Novgorod"]
[Date "1997.06.19"]
[Round "7"]
[White "Gelfand, Boris"]
[Black "Short, Nigel D"]
[Result "0-1"]
[WhiteElo "2700"]
[BlackElo "2690"]
[Annotator "Stohl,I"]
[PlyCount "75"]
[EventDate "1997.06.11"]
[EventType "tourn"]
[EventRounds "10"]
[EventCountry "RUS"]
[EventCategory "19"]
[SourceTitle "CBM 060"]
[Source "ChessBase"]
[SourceDate "1997.09.29"]
[SourceVersion "1"]
[SourceVersionDate "1997.09.29"]
[SourceQuality "1"]

1. d4 e6 2. c4 b6 3. e4 Bb7 4. Bd3 Nc6 $5 {The most topical move nowadays.
Black gains the ^^ at the cost of time and space, but his position remains
resistent and flexible.} (4... f5 5. exf5 Bxg2 $6 {has more or less been
refuted already a long time ago:} 6. Qh5+ g6 7. fxg6 Bg7 8. gxh7+ Kf8 9. Ne2
Bxh1 10. Bg5 Nf6 11. Qh4 Qe7 $5 (11... Nc6 12. Nf4 (12. Nd2 e5 13. O-O-O e4 14.
Bxe4 Bxe4 15. Nxe4 Rxh7 16. Qf4 Kf7 17. N2c3 Rh5 18. h4 Nb4 19. a3 d5 20. Nxf6
Bxf6 21. axb4 Qd6 22. Qg4 Rah8 23. Nxd5 Bxg5+ 24. hxg5 Rh1 25. Qf3+ {1-0,
Magerramov,E-Psakhis,L/UR-chYM Riga/1980/}) 12... Kf7 (12... Nb4 13. Bg6 Qe7
14. Nh5 Nc2+ 15. Bxc2 Qb4+ 16. Nd2 Nxh5 17. O-O-O {1-0,Forintos,G-Fernandez,J/
Cienfuegos Capablanca-mem/1979/}) 13. Bg6+ Ke7 14. Nh5 Qf8 15. Nd2 e5 16. O-O-O
Nxd4 17. Rxh1 Ne6 18. f4 d6 19. Ne4 Nxg5 20. Qxg5 Bh6 21. Qh4 Bg7 22. fxe5 dxe5
23. Rf1 $18 {Browne-Miles/Tilburg/1978/}) 12. Nf4 Qf7 13. Nd2 (13. Bg6 $142 $1
Qe7 14. Nd2 $40) 13... Nc6 14. Bg6 Rxh7 $1 15. Bxh7 Nxh7 16. Qxh7 Nxd4 17. Ng6+
Ke8 18. Nh8 Nf3+ $1 19. Kf1 (19. Nxf3 Bc3+ $19) 19... Nxg5 20. Qh4 Nf3 {
0-1,Vegh,E-Zlatilov,I/Sankt Augustin/1990/}) ({A more solid try is} 4... Bb4+
5. Bd2 Qe7 $5 (5... Bxd2+ 6. Qxd2 f5 7. Nc3 Nf6 8. f3 fxe4 9. fxe4 d6 10. Nf3
Nbd7 11. O-O Qe7 12. Rae1 O-O-O 13. b4 e5 14. d5 Nh5 15. Bc2 h6 16. Ba4 g5 17.
g3 Nf8 18. Bc6 Ng6 19. Qd1 Bxc6 20. dxc6 Qe6 21. Nd2 $16 {Kaufman,L-Mouzon,H/
Washington op/1997/}) 6. Nf3 $5 (6. Ne2 f5 7. exf5 Bxg2 8. Rg1 Bb7 9. Nbc3 Nc6
10. fxe6 dxe6 11. a3 Bxc3 12. Bxc3 Nf6 13. Qc2 O-O-O 14. O-O-O Kb8 15. Qd2 g6
16. Qe3 Qf7 17. Nf4 Rhe8 18. Rde1 Bc8 19. Bc2 e5 20. dxe5 Qxc4 21. Qf3 Qa2 22.
Bb1 Qa1 23. e6 Nd4 24. Qe3 Bxe6 25. Bxd4 Bf5 26. Qc3 Qxb1+ 27. Kd2 Ne4+ 28.
Rxe4 Qxe4 {0-1,Vasiliev,R-Lempert,I/Moscow5/1990/}) (6. Nc3 f5 (6... Bxc3 7.
Bxc3 f5 8. Qh5+ g6 9. Qe2 Nf6 10. d5 Na6 11. f3 fxe4 12. fxe4 O-O 13. O-O-O Nc5
14. Nf3 exd5 15. exd5 Qxe2 16. Bxe2 Nce4 17. Bd4 c5 18. dxc6 dxc6 19. Rhe1 c5 {
1/2,Pöltl-Horvath,T/Gleisdorf/1989/}) 7. Nge2 fxe4 8. Bxe4 Bxe4 9. Nxe4 Nf6 10.
N2g3 Nxe4 11. Nxe4 Qh4 12. Ng3 Bd6 13. Qh5+ Qxh5 14. Nxh5 O-O 15. Ng3 Nc6 16.
Be3 Nb4 17. Kd2 Bf4 18. Rhc1 Rae8 19. Bxf4 Rxf4 20. Ke3 Rh4 21. h3 d5 22. c5 b5
23. c6 e5 $132 {Horvath,J-Gulko,B/Nova Gorica op/1997/}) 6... Nf6 7. a3 Bxd2+
8. Nbxd2 d6 9. O-O e5 10. d5 O-O 11. b4 Nbd7 12. Qc2 Rfc8 13. Rfc1 c6 14. dxc6
Bxc6 15. Nf1 Nf8 16. Ne3 Qb7 17. Nd2 Ne6 18. f3 b5 19. Kh1 Nd4 20. Qb2 a6 21.
Nb3 Nxb3 22. Qxb3 Bd7 23. Bf1 Be6 24. Qd3 $16 {[%csl Rb5,Rd6] ׫,d6,
Malisauskas,V-Litus,V/Katowice op 1991 (30)}) 5. Ne2 ({Premature is} 5. d5 $6
Ne5 6. Be2 f5 7. exf5 exf5 8. Nh3 Bb4+ 9. Nd2 Nf6 10. a3 Bd6 11. O-O O-O 12.
Nf3 Ne4 13. Nxe5 Bxe5 14. Bd3 Qf6 15. Ra2 c6 16. f3 Nc5 17. Bb1 cxd5 18. Bg5
Qf7 19. b4 Ne6 20. cxd5 Nxg5 21. Nxg5 Qh5 22. Nh3 Bd6 23. Re1 Qh4 24. Rae2 a5
25. b5 Rac8 26. Ba2 h6 $15 {Ahundov,R-Bagirov,V/Jerevan olm/1996/}) ({More
popular, although the results have not been too encouraging, is the other N
move} 5. Nf3 Nb4 6. O-O Nxd3 7. Qxd3 Ne7 8. Nc3 Ng6 9. Bg5 $5 (9. d5 Be7 10.
Be3 O-O 11. Rad1 e5 12. Ne2 d6 13. Ng3 Bc8 14. h3 Nh4 15. Nxh4 Bxh4 16. Nf5 g6
17. Nxh4 Qxh4 18. b3 Bd7 19. f3 f5 20. exf5 gxf5 21. f4 exf4 22. Qd4 Rae8 23.
Qxf4 Qxf4 24. Bxf4 {1/2,Ruzele,D-Kengis,E/Bonn GSK-3/1996/}) (9. b3 Be7 10. d5
e5 11. Ne2 O-O 12. Ng3 d6 13. Nf5 Bc8 14. Bd2 Re8 15. Rae1 Bd7 16. Kh1 Bf8 17.
g3 Qc8 18. Ne3 h6 19. Ng1 Be7 20. f4 exf4 21. gxf4 Bh4 22. Re2 Bf6 23. Ng2 b5
24. c5 dxc5 25. e5 Bf5 26. Qxb5 c6 $44 {<=>,Magerramov,E-Ehlvest,J/Moscow
Alekhine op/1992/}) 9... Be7 (9... f6 $5) 10. Bxe7 Qxe7 11. d5 O-O 12. Rfe1 d6
13. b4 e5 14. Qe3 Bc8 15. Nd2 f5 16. exf5 Bxf5 17. Nde4 h6 18. c5 Nh4 19. f3
Bd7 20. Rac1 Rad8 21. Qe2 Bc8 22. Qb5 Qf7 23. Re2 Ng6 24. Rd2 a6 25. Qc6 $16 {
Rao,V-Ehlvest,J/Philadelphia World op/1993/}) 5... Nb4 ({More committal is} 
5... e5 {-Black perhaps prematurely defines the cntral pawn structure.} 6. d5
Nb4 7. O-O Ne7 8. Nbc3 Nxd3 9. Qxd3 Ng6 10. Ng3 Be7 11. Nf5 O-O 12. g3 d6 13.
h4 Bf6 14. Kg2 Bc8 15. Rh1 Re8 16. Bd2 a6 17. a4 Bd7 18. Rag1 Rb8 19. h5 $36 {
Lobron,E-Speelman,J/BL9697/1997/}) ({Kengis has also quite successfully
experimented with the provocative} 5... g6 $5 6. Nbc3 (6. h4 Bg7 7. Be3 h5 8.
Nbc3 Nge7 9. Qd2 d5 10. O-O-O Nb4 11. cxd5 Nxd3+ 12. Qxd3 exd5 13. f3 Qd7 14.
Bg5 f6 15. Bf4 dxe4 16. fxe4 f5 17. exf5 Nxf5 18. Qc4 O-O-O 19. Nb5 Bh6 20.
Bxh6 Rxh6 21. Rh3 Kb8 22. Nf4 $2 g5 $1 $19 {Kaunas,K-Kengis,E/Riga zt/1995/})
6... Bg7 7. Be3 Nge7 8. O-O d5 9. cxd5 exd5 10. e5 Qd7 11. Rc1 O-O 12. Nf4 a6
13. Be2 Nd8 14. Bg4 Ne6 15. b4 Rad8 16. Nce2 Bc6 17. Qc2 Bb5 18. Nxe6 fxe6 19.
Qxc7 Nf5 20. Qxd7 Rxd7 21. Rfe1 Bc4 22. Nf4 Kf7 $14 {Yrjola,J-Kengis,E/Jerevan
olm/1996/}) 6. Nbc3 (6. O-O Ne7 (6... Nxd3 7. Qxd3 Ne7 8. Nbc3 g6 9. Bg5 Bg7
10. f4 f6 11. Bh4 O-O 12. d5 Ba6 13. Rad1 Qe8 14. Nd4 exd5 15. exd5 Qf7 16. b3
c5 17. Ndb5 Bxb5 18. Nxb5 Nf5 19. Bf2 d6 20. g4 a6 21. Nc3 Nh6 22. h3 Qd7 23.
Rde1 Rae8 24. Rxe8 Rxe8 25. Re1 f5 $11 {Arlandi,E-Efimov,I/Asti op/1995/}) 7.
Bg5 f6 8. Be3 Nxd3 9. Qxd3 d5 10. exd5 exd5 11. Nbc3 Qd7 12. Nf4 O-O-O 13. Rac1
Ba6 14. Ncxd5 Nxd5 15. Qe4 Bb7 $11 {1/2,Gabriel,C-Bischoff,K/Altensteig/1995/})
6... Nxd3+ 7. Qxd3 d6 (7... Ne7 $5 8. Bg5 h6 9. Bh4 d6 10. O-O-O $13 {1/2,
Khenkin,I-Kengis,E/Nuernberg Weilburg op/1996/}) 8. O-O Ne7 $5 {Also Black
doesn't develop his N to the natural f6 square. After the text White has not
been able to show a convincing path to at least a minimal advantage.} (8... Nf6
$143 $6 9. d5 Be7 10. Nd4 Qd7 11. b3 (11. f4 c5 12. Nde2 exd5 13. cxd5 h5 14.
a4 h4 15. h3 O-O 16. b3 Ne8 17. Bb2 Nc7 18. f5 Bf6 19. Rf4 Qe7 20. Rg4 Kh7 21.
Qd2 Ne8 22. Kh1 g5 23. Ng1 Rg8 24. Nf3 Rg7 25. Rf1 Kg8 26. e5 $1 dxe5 27. Ne4
$40 {Anastasian,A-Kengis,E/Katowice/1993/}) 11... c6 12. dxc6 Bxc6 13. Ba3 a6
14. Rad1 Bb7 15. Qg3 Qc7 16. Rfe1 g6 17. e5 $1 Nh5 18. Bxd6 Qd7 19. Qg4 Bxd6
20. exd6 O-O 21. Na4 Rae8 22. Nc2 Qd8 23. d7 Re7 24. Qd4 Bc6 25. Nxb6 e5 26.
Qc5 Re6 27. Nb4 $18 {Epishin,V-Ehlvest,J/Novosibirsk/1993/}) 9. d5 $5 $146 {
An ambitious new move.} (9. Qh3 Qd7 10. Be3 g6 11. d5 Ba6 12. dxe6 Qxe6 13. Qh4
Bg7 14. b3 O-O 15. Bd4 f6 16. Rad1 Rae8 17. Rfe1 c5 18. Be3 f5 19. Bh6 Bxh6 20.
Qxh6 fxe4 21. Ng3 Nf5 22. Nxf5 Qxf5 23. Qe3 $11 {1/2,Bareev,E-Kengis,E/EU-chT
Pula/1997/}) (9. Be3 g6 10. Rad1 Bg7 $132) 9... Qd7 $1 {[%csl Gb7,Gf8] Black
is not forced to play 9...e5, so he keeps the tension in the center and ends
his development first. After this he can contemplate opening the position for
his ^^. Short's play is a typical example of Black's strategy in this opening.}
10. f4 {Now Black develops undisturbed. More testing seems} (10. b3 $5 Ng6 (
10... g6 11. Bb2 Bg7 12. Nd1 $5 Bxb2 13. Nxb2 $14 {[%csl Gc4,Gd5,Ge4] ()[+]})
11. f4 Be7 12. dxe6 fxe6 13. f5 Ne5 14. Qg3 O-O 15. Nd4 exf5 16. exf5 Bf6 17.
Ne6 Rf7 18. Bg5 $5 $36) 10... g6 11. Nd4 O-O-O 12. b4 (12. dxe6 fxe6 13. Qh3
Bg7 $5 (13... e5 14. Ne6 Re8 15. Nd5 $40) 14. Nxe6 Bxc3 15. bxc3 (15. Nxd8 $4
Bd4+ 16. Kh1 Qxh3 $19) 15... Rde8 $44 {[%csl Rc3,Rc4,Re4] ><e4,c3,c4}) 12...
Bg7 13. b5 $6 (13. Be3 $142 {()} exd5 14. exd5 $14 (14. cxd5 f5 $132)) 13...
Bxd4+ $5 (13... exd5 14. exd5 $5 Nf5 15. Nxf5 Qxf5 16. Qxf5+ gxf5 17. Bd2 $14 {
[%csl Rb7,Rf5,Rf7,Rh7] _|_ץb7,>>}) 14. Qxd4 f5 $132 {Black disrupts White's
center and opens the diagonal for his remaning B.} 15. Re1 (15. exf5 Nxf5 16.
Qd3 Qg7 $5 {[%cal Rg7d4] /\Qd4} 17. Rd1 Rhe8 18. a4 $13) 15... Rhe8 (15... fxe4
$2 16. Qxe4 $16) (15... exd5 16. exd5 {[%csl Rb7] ץb7}) 16. Bb2 (16. Qg7 fxe4
17. Nxe4 Ng8 $1 $15) 16... fxe4 17. Nxe4 {[%cal Re4f6] /\Nf6} Ng8 $8 18. Nc3
Qf7 $5 {Black is still patient} (18... exd5 19. cxd5 $5 {keeps his B hemmed in
and White can claim some edge.} (19. Nxd5 Rxe1+ 20. Rxe1 Re8 $11)) 19. Re3 $6 (
19. a4 $142 $5 $13) 19... exd5 {The right moment for the exchange!} 20. Nxd5 $8
(20. cxd5 Rxe3 21. Qxe3 Bxd5 $17) (20. Rxe8 Rxe8 21. Nxd5 (21. cxd5 $6 Ne7 22.
Rd1 (22. Re1 Nxd5 $1) 22... Nf5 $17 {[%csl Rd5][%cal Rf5e3] /\Ne3,><d5}) 21...
Bxd5 (21... Ne7 $5 $36) 22. cxd5 Ne7 $36) 20... Rxe3 21. Qxe3 $6 {Starting a
hazardous sacrificial sequence, in which White proceeds to give up his <<
pawns and the game in process.} (21. Nxe3 $142 Re8 $36 {[%cal Ge8e1,Ga8h1]
<->e,/^a8-h1}) 21... Bxd5 22. cxd5 Qxd5 23. a4 Kb8 24. a5 $6 (24. Rc1 $142 $15)
24... Qxb5 25. axb6 axb6 26. Bd4 Qc6 27. Rc1 Qb7 $19 28. f5 gxf5 29. Qg5 Re8
30. Qh5 (30. Qxf5 Qe4 $19) 30... Qe4 31. Bf2 Nf6 32. Qf7 Qe7 33. Qa2 Ng4 34.
Ra1 (34. Bd4 $2 Qe1+ $1 35. Rxe1 Rxe1#) 34... Qe4 35. Qa7+ Kc8 36. Rc1 Qb7 37.
Qa4 Re7 (37... b5 $19) 38. Qb3 (38. Qb3 Nxf2 39. Qg8+ Kd7 40. Kxf2 Qe4 $19 {->}
) 0-1

[Event "Clichy"]
[Site "Clichy"]
[Date "2001.06.26"]
[Round "2"]
[White "Gurevich, Mikhail"]
[Black "Bauer, Christian"]
[Result "1/2-1/2"]
[WhiteElo "2688"]
[BlackElo "2612"]
[Annotator "Stohl,I"]
[PlyCount "66"]
[EventDate "2001.06.25"]
[EventType "tourn"]
[EventRounds "9"]
[EventCountry "FRA"]
[EventCategory "14"]
[SourceTitle "CBM 085"]
[Source "ChessBase"]
[SourceDate "2001.11.13"]
[SourceVersion "1"]
[SourceVersionDate "2001.11.13"]
[SourceQuality "1"]

1. c4 b6 2. Nc3 Bb7 3. d4 e6 4. a3 f5 5. d5 Nf6 6. g3 Na6 7. Bg2 Nc5 8. Nh3 Bd6
9. O-O O-O 10. Qc2 Be5 11. Rd1 Qe7 12. Be3 c6 $5 $146 {[%mdl 8] An interesting
novelty, after White's rather soft reaction Black could have solved his
opening problems. The previously tested alternatives were:} (12... Nce4 13.
Nxe4 Nxe4 14. Rac1 (14. Nf4 Rae8 (14... c5 $142 $1 $132) 15. Rac1 g5 16. Nd3
Bf6 17. Qa4 a6 18. Qb3 Rb8 19. Qc2 Rbc8 20. Bxe4 fxe4 21. Nb4 a5 22. Na2 exd5
23. cxd5 c5 24. dxc6 Bxc6 25. Qb3+ Kh8 26. Nc3 $14 {Prakash,G-Reefat,B/
Kelamabakkam/2000/}) 14... c5 (14... exd5 $6 15. cxd5 Bd6 16. Bxe4 fxe4 17. Ng5
Rf5 18. Qxe4 Qf6 19. h4 g6 20. Bd4 Qf8 21. Qc2 Bxd5 22. e4 Rxg5 23. hxg5 Be6
24. Bf6 a5 25. Kg2 $18 {Gelfand,B-Hamdouchi,H/Cap d'Agde/1994/}) (14... Rab8 {
-12...Rab8}) 15. Bxe4 $5 (15. dxe6 $6 dxe6 16. Bf4 Bf6 17. Rd3 e5 18. Be3 g5
19. Rcd1 Rad8 20. Rxd8 Rxd8 21. Rxd8+ Qxd8 22. Qd3 h6 23. g4 Qxd3 24. exd3 Nd6
25. Bxb7 Nxb7 26. f3 e4 $19 {Sher,M-Lempert,I/Yerevan op/1996/}) 15... fxe4 16.
Ng5 exd5 17. cxd5 $14 {/~~}) (12... Rab8 $5 13. Rac1 Nce4 14. Nxe4 Nxe4 15. Nf4
(15. Bxe4 $5 fxe4 16. Ng5 {was again interesting.}) 15... c5 16. dxc6 Bxc6 17.
Nd3 Bf6 18. f3 Nc5 19. b4 Nxd3 20. Rxd3 d5 21. f4 dxc4 22. Qxc4 Bxg2 23. Kxg2
Rf7 24. b5 Re8 25. Rcd1 e5 26. Rd7 Qe6 $11 {Kasparov,G-Morozevich,A/Frankfurt
act/2000/}) 13. dxe6 (13. Bf4 Bxf4 (13... exd5 14. cxd5 $14) 14. Nxf4 cxd5 (
14... e5 15. Nh3 $5 (15. d6 Qf7 16. Nd3 Nxd3 17. Qxd3 e4 {/\c5=/+}) (15. Nd3
Nxd3 (15... Nce4 $5 $132) 16. Qxd3 e4 $11) 15... cxd5 16. cxd5 (16. Nxd5 Nxd5
17. Bxd5+ Bxd5 18. Rxd5 a5 $13) 16... e4 17. b4 Na6 18. d6 $36 {()}) 15. cxd5
Rac8 $132) (13. Nf4 $5 cxd5 14. cxd5 {/\ was a better chance to emerge from
the opening with some edge.} Ng4 $6 15. Bxc5 Qxc5 16. Nd3) 13... dxe6 14. Rac1
(14. f4 $6 {[%csl Re4]} Bxc3 15. Qxc3 Nce4 {/\c5=/+}) (14. Ng5 Ng4 15. Bc1 Rad8
$36) (14. Nf4 $5 Ncd7 (14... Ng4 15. Bxc5 Qxc5 16. Nd3 Qd6 17. c5 $16) (14...
Nfd7 15. Rac1 (15. b4 Ne4 16. Bxe4 fxe4 $13) 15... Bxc3 16. Qxc3 e5 17. Nd3 Ne4
$11) 15. Nd3 Ng4 $1 (15... Bxc3 16. Qxc3 Ne4 17. Bxe4 fxe4 18. Ne5 $16) (15...
Bc7 16. Qa4 $14) 16. Bd2 (16. Nxe5 Ndxe5 $15) 16... Bf6 $132) 14... Na6 $5 (
14... Bxc3 15. Bxc5 $1 (15. Qxc3 Nce4 16. Qc2 c5 $11) 15... Qxc5 16. Qxc3 e5
17. b4 Qe7 18. c5 $14) 15. b4 c5 16. Bxb7 Qxb7 17. b5 Nb8 $6 (17... Nc7 $142
$11) 18. Ng5 Qe7 19. Nf3 Nbd7 {Black has removed his N out of the way, but
this cost him a lot of time.} (19... Bc7 20. Bg5 h6 21. Bxf6 Qxf6 22. Rd2 {
[%cal Gd1d8] <->d}) 20. Bg5 (20. Nxe5 Nxe5 21. Bf4 Nf7 (21... Nxc4 $2 22. Qa2
g5 (22... Na5 23. Bd6 $16) 23. Bxg5 $36) 22. e4 e5 23. Be3 fxe4 24. Nxe4 Qe6
$132) 20... Bc7 (20... h6 $2 21. Rxd7 $1 Qxd7 22. Nxe5 $18) 21. e4 {Although
this ambitious move Black active >> play, it's necessary to prevent full
consolidation.} (21. Rd3 h6 22. Bxf6 Nxf6 23. Rcd1 $11) 21... f4 $5 (21... fxe4
22. Nxe4 h6 23. Rxd7 $1 Qxd7 24. Nxf6+ gxf6 (24... Rxf6 25. Bxf6 gxf6 26. Rd1
Qg7 27. Qe4 $16) 25. Bxh6 $40) 22. gxf4 $6 (22. Bxf4 Bxf4 23. gxf4 Nh5 24. f5
Rad8 $1 $44 (24... exf5 25. exf5 {/\Nd5|^})) (22. Qe2 $142 $1 h6 (22... fxg3
23. e5 gxf2+ 24. Kf1 Nxe5 25. Nxe5 $14) (22... Ne5 23. Bxf4 Nxf3+ 24. Qxf3 Nd7
25. Ne2 e5 26. Qd3 exf4 27. Qd5+ Kh8 28. Qxd7 Qxe4 29. Nc3 $14) 23. Bxf6 (23.
e5 $5) 23... Nxf6 24. e5 $36 {()}) 22... h6 23. e5 (23. Bxf6 Rxf6 $5 (23...
Nxf6 24. f5 (24. Nh4 Bxf4 25. Ng6 Qc7 $36) 24... Bf4 $44) 24. f5 Bf4 25. Rb1
Ne5 $44) 23... hxg5 24. Nxg5 (24. exf6 Nxf6 25. fxg5 Nh7 $40 {[%csl Rg1] עg1})
24... Nxe5 25. fxe5 Bxe5 26. Re1 $2 {White decides to play vabanque, but this
is hardly justified. Maybe Gurevich overlooked Black's next move?} (26. Qe2
$142 Nh7 $5 (26... Bf4 27. Nxe6 Bxc1 28. Nxf8 Qxe2 29. Nxe2 Bxa3 30. Nd7 $14)
27. Nxh7 Qh4 28. Qxe5 Qxf2+ 29. Kh1 Qf3+ $11) 26... Bxh2+ 27. Kf1 (27. Kxh2 $2
Ng4+ $19) (27. Kg2 $2 Bf4 28. Nd5 (28. Nxe6 Bxc1 29. Qxc1 Rae8 $19) 28... Qb7
$1 $19) 27... Qb7 28. Rxe6 (28. Nxe6 Ng4 $1 29. Ne4 (29. Nxf8 Qh1+ 30. Ke2 Re8+
31. Kd2 Bf4+ 32. Re3 Qh2 $1 $19) 29... Rf5 $40) 28... Bf4 29. Nd5 $1 {[%mdl 64]
White finds a tactical resource in a difficult situation.} Bxg5 30. Ne7+ Kh8 $6
{Black concedes a draw. The only way to play on was} (30... Kf7 31. Qg6+ Kxe6
32. Re1+ Kd7 33. Qd3+ $1 (33. Qf5+ Ke8 34. Ng6+ Kf7 35. Re7+ Qxe7 36. Nxe7 Kxe7
37. Qxg5 Kf7 $19) 33... Nd5 (33... Ke8 $2 34. Nc8+ $1 Kf7 35. Nd6+ $18) (33...
Kc7 34. Qg3+ Kd8 35. Nc6+ Kc8 36. Ne7+ {only repeats moves}) 34. Nxd5 Kc8 35.
Qh3+ Qd7 (35... Kb8 36. Qg3+ Bf4 37. Nxf4 Qc7 (37... Qh1+ 38. Ke2 Qe4+ 39. Kf1
Qxf4 40. Re8+ Kb7 41. Qxg7+ Rf7 42. Qg2+ Qf3 43. Re7+ Kb8 44. Re8+ $11) 38. Re7
$1 Qxf4 (38... Qd6 $2 39. Qxg7 $18) 39. Re8+ $11) 36. Qg2 $1 Rb8 (36... Bd8 37.
Nxb6+ $11) 37. Qxg5 Rb7 $1 $17 {with reasonable winning chances, but the
position still remains tense.}) 31. Ng6+ Kg8 32. Ne7+ Kh8 33. Ng6+ Kg8 1/2-1/2